000 00600nam a2200217Ia 4500
003 GCL
008 140319s9999 xx 000 0 ara d
040 _aGCL /
_cGCL
082 0 4 _a170
_bع ن
100 1 _aعادل ضاهر
245 1 0 _aنقد الفلسفة الغربية : الاخلاق والعقل /
_cعادل ضاهر
260 _a[S.N] :
_bدار الشروق ،
_c1990
300 _a520 ص
490 _a
650 0 4 _aالعلم
650 0 4 _aفلسفة
650 0 4 _aالاخلاق
650 0 4 _aالفلسفة الغربية
650 0 4 _aالنقدية
942 _2ddc
_cBK
999 _c55782
_d55782